000 01070nam a2200289Ia 4500
003 OSt
005 20220930092656.0
006 a|||||r|||| 00| 0
007 ta
008 220926b |||||||| |||| 00| 0 eng d
024 _a23664
037 _cTheses
040 _aCRL
_cCRL
_beng
041 _2eng
_aeng
100 _aKhandare Pravin Ashok
_9549431
110 _aUniversity OF Delhi. Faculty OF Medical Sciences. Department OF General Medicine
_9544737
245 0 _aSerum s100 and neuron specific enolase level as infarct size indicators in acute ischemic stroke
260 _c2014
650 _aMEDICINE
700 _a Dr. R. K. Dhamija Gu.
_9549432
700 _a Dr. R. S. Solanki Gu.
_9536784
700 _a Dr. Ritu Singh Gu.
_9540864
700 _a Dr. S. K. Mishra Gu.
_9536082
700 _aUniversity OF Delhi. Faculty OF Medical Sciences. Department OF General Medicine
_9544739
942 _cDIS
_2CC
999 _c884131
_d884131